000
00214nam a2200097Ia 4500
008
190216s9999||||xx |||||||||||||| ||und||
100
_a
Durai Pandian.P
245
0
_a
Mechanics
260
_b
S Chand & Co
942
_c
BK
999
_c
32882
_d
32882